ბათუმის შოთა რუსთაველის სახელმწიფო უნივერსიტეტის ბიბლიოთეკა

Theorie und Praxis bei Auguste Comte : (ბიბ.ჩანაწერი № 36903)

000 -LEADER
fixed length control field 00663nam a2200229Ia 4500
001 - CONTROL NUMBER
control field 2854
003 - CONTROL NUMBER IDENTIFIER
control field GE_BSU
005 - DATE AND TIME OF LATEST TRANSACTION
control field 20221028114113.0
008 - FIXED-LENGTH DATA ELEMENTS--GENERAL INFORMATION
fixed length control field 181216s2008ge xx |||||||||||||| ||ger||
020 ## - INTERNATIONAL STANDARD BOOK NUMBER
International Standard Book Number 9783851325256
040 ## - CATALOGING SOURCE
Transcribing agency GE_BSU
041 ## - LANGUAGE CODE
Language code of text/sound track or separate title eng
080 ## - UNIVERSAL DECIMAL CLASSIFICATION NUMBER
Universal Decimal Classification number 17(430)+001(430) B-34
100 ## - MAIN ENTRY--PERSONAL NAME
Personal name Brankel, Jürgen.
9 (RLIN) 2400
245 ## - TITLE STATEMENT
Title Theorie und Praxis bei Auguste Comte :
Remainder of title Zum Zusammenhang von Wissenschaftssystem und moral /
Statement of responsibility, etc. Jürgen Brankel.
264 ## - PRODUCTION, PUBLICATION, DISTRIBUTION, MANUFACTURE, AND COPYRIGHT NOTICE
Place of production, publication, distribution, manufacture Wien,
Date of production, publication, distribution, manufacture, or copyright notice 2008.
300 ## - PHYSICAL DESCRIPTION
Extent 94 с.
653 ## - INDEX TERM--UNCONTROLLED
keyword Theorie und Praxis
653 ## - INDEX TERM--UNCONTROLLED
keyword თეორია და პრაქტიკა
653 ## - INDEX TERM--UNCONTROLLED
keyword ეთიკა
942 ## - ADDED ENTRY ELEMENTS (KOHA)
Koha item type წიგნი
Source of classification or shelving scheme
ეგზემპლარები
Withdrawn status Lost status Source of classification or shelving scheme Damaged status Not for loan Permanent Location Current Location Shelving location Date acquired Full call number Barcode Date last seen Copy number Price effective from Koha item type
          ბათუმის შოთა რუსთაველის სახელმწიფო უნივერსიტეტის მთავარი ბიბლიოთეკა ბათუმის შოთა რუსთაველის სახელმწიფო უნივერსიტეტის მთავარი ბიბლიოთეკა წიგნსაცავი 2018-12-17 17(430)+001(430) B-34 4834 2018-12-17 4834 2018-12-17 წიგნი